| 000 | 01207cam a2200373 a 4500 | ||
|---|---|---|---|
| 001 | 4270 | ||
| 003 | FISKH | ||
| 005 | 20240711095957.0 | ||
| 008 | 120321s2012 nyua b 000 1 eng | ||
| 010 | _a 2012006186 | ||
| 020 | _a9780062095244 (hardback) | ||
| 020 | _a9780062095237 (pbk.) | ||
| 040 |
_aDLC _cDLC _dDLC _beng |
||
| 050 | _aPZ7.P2185 | ||
| 082 | _a813.92 | ||
| 100 | 1 | _aParish, Herman. | |
| 245 | 1 | 0 |
_aAmelia Bedelia sleeps over / _cby Herman Parish ; pictures by Lynne Avril. |
| 260 |
_aNew York : _bGreenwillow Books, _c2012. |
||
| 300 |
_a32 pages : _bcolor illustrations ; _c23 cm |
||
| 490 | 0 | _aI can read! Level 1 | |
| 505 | _aM | ||
| 520 | _aAmelia Bedelia has a wonderful time at her first slumber party. | ||
| 521 | 8 |
_a530
_bLexile |
|
| 521 | 8 |
_aM
_bRaz-Plus |
|
| 650 | 1 |
_aSleepovers _vFiction. |
|
| 650 | 1 | _aHumorous stories. | |
| 650 | 7 |
_aJUVENILE FICTION / Readers / Beginner. _2bisacsh |
|
| 650 | 7 |
_aJUVENILE FICTION / Humorous Stories. _2bisacsh |
|
| 650 | 7 |
_aJUVENILE FICTION / General. _2bisacsh |
|
| 700 | 1 |
_aAvril, Lynne, _d1951- _eillustrator |
|
| 906 |
_a7 _bcbc _corignew _d1 _eecip _f20 _gy-gencatlg |
||
| 942 |
_2ddc _cBK _n0 |
||
| 999 |
_c4270 _d4270 |
||